| 000 | 00700cab a22002175a 4500 | ||
|---|---|---|---|
| 001 | L156667 | ||
| 008 | 120619e20120421xxk 000 0 eng d | ||
| 035 | _a(Sirsi) u156667 | ||
| 041 | 0 | _aeng | |
| 100 | 1 | _aIjeh, Ike | |
| 245 | 0 | 0 | _aTotal football |
| 260 | _c2012 | ||
| 490 |
_aBuilding _v277(8732) 15 June 2012, 36-40(5) |
||
| 520 | _aDiscusses the national football stadium under construction in Rio de Janeiro for the 2014 World Cup and the 2016 Olympic Games which Brazil is hosting; Brasilia National Stadium. | ||
| 590 | _aKA | ||
| 651 | 4 | _aBrazil | |
| 690 |
_aConstruction management _96230 |
||
| 690 |
_aProject management _96261 |
||
| 690 | _aDesign and specification | ||
| 942 | _n0 | ||
| 999 |
_c84109 _d84109 |
||